Представление документа в формате MARC21

Поле Инд. ПП Название Значение
Тип записи a
Библиографический уровень a
001 Контрольный номер 218ff7a667c24bcda6286fe2c511e523
005 Дата корректировки 20220224163118.5
024 80 a Стандартный номер 10.26456/mfcsics-21-32
040 a Служба первич. каталог. НБ ТвГУ
b Код языка каталог. rus
e Правила каталог. PSBO
041 0_ a Код языка текста rus
097 b Оператор Komarova.ES
100 1_ a Автор Новиков Михаил Дмитриевич
q Полное имя Новиков М. Д.
245 10 a Заглавие Автоматическое тестирование студенческих программ
260 a Место издания Тверь
b Издательство Тверской государственный университет
504 a Библиография Библиогр.: с. 239 (9 назв.)
520 0_ a Аннотация В статье описываются две системы, предназначенные для тестирования программ, выполняемых студентами первого курса факультета ВМК МГУ в рамках практикума на ЭВМ. Системы разрабатываются на факультете ВМК с 2017 года. Первая система тестирует программы на языке Паскаль, а вторая — на языке Ассемблера.
653 0_ a Ключевые слова Студенты
a Ключевые слова Математическое моделирование
a Ключевые слова Москва, город
a Ключевые слова Кибернетика
a Ключевые слова Язык Паскаль
a Ключевые слова Программирование
a Ключевые слова Информатика
a Ключевые слова Язык Ассемблера
773 18 w Контрольный № источника f93cd7c2cffb4b90a02951ff508e955d
t Название источника Математические основы информатики и информационно-коммуникационных систем"
d Место и дата издания Тверь : Тверской государственный университет, 2021
g Прочая информация С. 235-240
856 40 u URL http://megapro.tversu.ru/megaPro/UserEntry?Action=FindDocs&ids=5455327
u URL http://texts.lib.tversu.ru/texts/151520t.pdf
x Примечание для ЭОР Справка УИС 2021
x Примечание для ЭОР Реестр суммарного учета сетевых локальных документов
i Дата подключения ЭОР 20211224
901 t Тип документа a
920 a Оператор Кома
954 b Дата поступления в ОК 20211222